ბათუმის შოთა რუსთაველის სახელმწიფო უნივერსიტეტის ბიბლიოთეკა

ნულიდან ერთამდე : (ბიბ.ჩანაწერი № 63181)

000 -ლიდერი
ფიქსირებული სიგრძის საკონტროლო ველი 01233nam a22002177a 4500
003 - საკონტროლო ნომრის იდენტიფიკატორი
საკონტროლო ველი Ge_BSU
005 - ბოლო ოპერაციის თარიღი და დრო
საკონტროლო ველი 20250619171928.0
008 - ფიქსირებული სიგრძის მონაცემთა ელემენტები - ზოგადი ინფორმაცია
ფიქსირებული სიგრძის საკონტროლო ველი 250619s2025 ge ||||| |||| 00| 0 geo d
020 ## - წიგნის საერთაშორისო სტანდარტული ნომერი
International Standard Book Number 9789941384868
041 ## - ენის კოდი
Language code of text/sound track or separate title geo
080 ## - უნივერსალური ათობითი კლასიფიკაციის ინდექსი
Universal Decimal Classification number 338.02 : 005.511 თ-60
100 ## - მთავარი ჩანაწერი - პიროვნების სახელი
Personal name თილი, პ.
9 (RLIN) 25465
245 ## - ცნობა სათაურის შესახებ
Title ნულიდან ერთამდე :
Remainder of title (როგორ შევქმნათ საკუთარი მომავალი) : გზამკვლევი სტარტაპებისთვის /
Statement of responsibility, etc პიტერ თილი, ბლეიკ მასტერსი; რედ. თ. ბარამაშვილი, ს. საბანაძე, ს. კვარაცხელია და სხვ.
264 ## - წარმოების, გამოცემის, დისტრიბუციის და სხვა ცნობები
გამოცემის, წარმოების, დისტრიბუციის... ადგილი თბილისი :
გამოცემის, წარმოების, დისტრიბუციის... სახელწოდება პალიტრა L,
გამოცემის, წარმოების, დისტრიბუციის... თარიღი 2025.
300 ## - ფიზიკური აღწერა
Extent 245 გვ.:
Other physical details ილ.;
Dimensions 21 სმ.
700 ## - ADDED ENTRY--PERSONAL NAME
Personal name მასტერსი, ბ.
Relator term ავტორი
9 (RLIN) 25466
700 ## - ADDED ENTRY--PERSONAL NAME
Personal name ბარამაშვილი, თ.
Relator term რედაქტორი
9 (RLIN) 25467
700 ## - ADDED ENTRY--PERSONAL NAME
Personal name საბანაძე, ს.
Relator term რედაქტორი
9 (RLIN) 25468
700 ## - ADDED ENTRY--PERSONAL NAME
Personal name კვარაცხელია
Relator term რედაქტორი
9 (RLIN) 25469
942 ## - ADDED ENTRY ELEMENTS (KOHA)
Source of classification or shelving scheme
Koha item type წიგნი
ეგზემპლარები
ჩამოწერის სტატუსი დაკარგული ეგზემპლარის სტატუსი კლასიფიკაციის წყარო ან თაროზე გაწყობის სქემა დაზიანების სტატუსი არ გაიცემა მუდმივი მდებარეობა (დაცვის ადგილი) ამჟამინდელი ადგილსამყოფელი თაროზე განთავსების ადგილი შეძენის თარიღი ღირებულება, შესყიდვის ნორმალური ფასი სრული შენახვის შიფრი შტრიხკოდი ბოლო ოპერაციის თარიღი ეგზემპლარის მიმდევრობითი ნომერი (კეტერი?) ფასის ძალაში შესვლის თარიღი ეგზემპლარის სახეობა საჯარო შენიშვნა
          ბათუმის შოთა რუსთაველის სახელმწიფო უნივერსიტეტის მთავარი ბიბლიოთეკა ბათუმის შოთა რუსთაველის სახელმწიფო უნივერსიტეტის მთავარი ბიბლიოთეკა წიგნსაცავი 2025-06-19 15.30 338.02 : 005.511 თ-60 71894 2025-06-19 71894 2025-06-19 წიგნი 15 ლ. 30 თ.
          ბათუმის შოთა რუსთაველის სახელმწიფო უნივერსიტეტის მთავარი ბიბლიოთეკა ბათუმის შოთა რუსთაველის სახელმწიფო უნივერსიტეტის მთავარი ბიბლიოთეკა წიგნსაცავი 2025-06-19 15.30 338.02 : 005.511 თ-60 71895 2025-06-19 71895 2025-06-19 წიგნი 15 ლ. 30 თ.
          ბათუმის შოთა რუსთაველის სახელმწიფო უნივერსიტეტის მთავარი ბიბლიოთეკა ბათუმის შოთა რუსთაველის სახელმწიფო უნივერსიტეტის მთავარი ბიბლიოთეკა წიგნსაცავი 2025-06-19 15.30 338.02 : 005.511 თ-60 71896 2025-06-19 71896 2025-06-19 წიგნი 15 ლ. 30 თ.
          ბათუმის შოთა რუსთაველის სახელმწიფო უნივერსიტეტის მთავარი ბიბლიოთეკა ბათუმის შოთა რუსთაველის სახელმწიფო უნივერსიტეტის მთავარი ბიბლიოთეკა წიგნსაცავი 2025-06-19 15.30 338.02 : 005.511 თ-60 71897 2025-06-19 71897 2025-06-19 წიგნი 15 ლ. 30 თ.
          ბათუმის შოთა რუსთაველის სახელმწიფო უნივერსიტეტის მთავარი ბიბლიოთეკა ბათუმის შოთა რუსთაველის სახელმწიფო უნივერსიტეტის მთავარი ბიბლიოთეკა წიგნსაცავი 2025-06-19 15.30 338.02 : 005.511 თ-60 71898 2025-06-19 71898 2025-06-19 წიგნი 15 ლ. 30 თ.
          ბათუმის შოთა რუსთაველის სახელმწიფო უნივერსიტეტის მთავარი ბიბლიოთეკა ბათუმის შოთა რუსთაველის სახელმწიფო უნივერსიტეტის მთავარი ბიბლიოთეკა წიგნსაცავი 2025-06-19 15.30 338.02 : 005.511 თ-60 71899 2025-06-19 71899 2025-06-19 წიგნი 15 ლ. 30 თ.
          ბათუმის შოთა რუსთაველის სახელმწიფო უნივერსიტეტის მთავარი ბიბლიოთეკა ბათუმის შოთა რუსთაველის სახელმწიფო უნივერსიტეტის მთავარი ბიბლიოთეკა წიგნსაცავი 2025-06-19 15.30 338.02 : 005.511 თ-60 71900 2025-06-19 71900 2025-06-19 წიგნი 15 ლ. 30 თ.
          ბათუმის შოთა რუსთაველის სახელმწიფო უნივერსიტეტის მთავარი ბიბლიოთეკა ბათუმის შოთა რუსთაველის სახელმწიფო უნივერსიტეტის მთავარი ბიბლიოთეკა წიგნსაცავი 2025-06-19 15.30 338.02 : 005.511 თ-60 71901 2025-06-19 71901 2025-06-19 წიგნი 15 ლ. 30 თ.
          ბათუმის შოთა რუსთაველის სახელმწიფო უნივერსიტეტის მთავარი ბიბლიოთეკა ბათუმის შოთა რუსთაველის სახელმწიფო უნივერსიტეტის მთავარი ბიბლიოთეკა წიგნსაცავი 2025-06-19 15.30 338.02 : 005.511 თ-60 71902 2025-06-19 71902 2025-06-19 წიგნი 15 ლ. 30 თ.
          ბათუმის შოთა რუსთაველის სახელმწიფო უნივერსიტეტის მთავარი ბიბლიოთეკა ბათუმის შოთა რუსთაველის სახელმწიფო უნივერსიტეტის მთავარი ბიბლიოთეკა წიგნსაცავი 2025-06-19 15.30 338.02 : 005.511 თ-60 71903 2025-06-19 71903 2025-06-19 წიგნი 15 ლ. 30 თ.